[Event "Prague Golden Blitz op 17th"]
[Site "Prague"]
[Date "2022.07.16"]
[Round "8"]
[White "Bystritskiy, Daniil"]
[Black "Korniichuk, Oleksandra"]
[Result "1-0"]
[WhiteElo "1965"]
[BlackElo "1783"]
[PlyCount "55"]
[EventDate "2022.07.16"]
[EventType "swiss (blitz)"]
[EventRounds "11"]
[EventCountry "CZE"]
[SourceTitle "CBM 209 Extra"]
[Source "ChessBase"]
[SourceDate "2022.09.30"]
[SourceVersion "1"]
[SourceVersionDate "2022.09.30"]
[SourceQuality "1"]

1. d4 Nf6 2. Bg5 Ne4 3. Bh4 g5 4. f3 gxh4 5. fxe4 c5 6. e3 e6 7. Qh5 Qf6 8. Nf3 Be7 9. Nc3 Qg6 10. Qe5 f6 11. Qf4 f5 12. Bd3 0-0 13. exf5 exf5 14. Bc4+ Kh8 15. Nd5 Bd8 16. 0-0-0 cxd4 17. Rxd4 Nc6 18. Rd2 Qg4 19. Qd6 Qg7 20. Nf4 Re8 21. Nh5 Qe7 22. Qd3 Qe4 23. Qc3+ Ne5 24. Rd4 Qg4 25. Rxg4 fxg4 26. Nxe5 Re7 27. Nf7+ Kg8 28. Qg7# 1-0

[Event "Prague Golden op"]
[Site "Prague"]
[Date "2022.07.16"]
[Round "8"]
[White "Korniichuk, Oleksandra"]
[Black "Ptacnikova, Lenka"]
[Result "0-1"]
[WhiteElo "1789"]
[BlackElo "2066"]
[PlyCount "118"]
[EventDate "2022.07.09"]
[EventType "swiss"]
[EventRounds "9"]
[EventCountry "CZE"]
[SourceTitle "CBM 209 Extra"]
[Source "ChessBase"]
[SourceDate "2022.09.30"]
[SourceVersion "1"]
[SourceVersionDate "2022.09.30"]
[SourceQuality "1"]

1. e4 c5 2. Nf3 e6 3. d4 cxd4 4. Nxd4 Nc6 5. Be2 Nf6 6. Nc3 Qc7 7. a3 a6 8. 0-0 b5 9. Be3 Bb7 10. Nxc6 Bxc6 11. f3 Be7 12. Qd4 d6 13. Rfd1 0-0 14. Qb6 Qxb6 15. Bxb6 d5 16. exd5 Nxd5 17. Nxd5 Bxd5 18. Rac1 Bg5 19. Ra1 Rfc8 20. c3 Rab8 21. Bd4 Bb3 22. Rf1 Be7 23. Kf2 Bd6 24. f4 Bxf4 25. Bf3 Bd6 26. g3 e5 27. Be3 Bc5 28. Bd1 Bxe3+ 29. Kxe3 Bc4 30. Be2 Bb3 31. Bd1 Bc4 32. Be2 Bxe2 33. Kxe2 Rd8 34. Rfd1 f6 35. Rxd8+ Rxd8 36. a4 Rd7 37. axb5 axb5 38. Ra8+ Kf7 39. Rb8 Rd5 40. Rb7+ Kg6 41. b3 f5 42. c4 bxc4 43. bxc4 Rd4 44. Rc7 e4 45. c5 Rc4 46. c6 Kh6 47. h4 Rc3 48. Kf2 g6 49. Kg2 Kh5 50. Rxh7+ Kg4 51. c7 Rc2+ 52. Kf1 Kxg3 53. Rg7 Kxh4 54. Rxg6 Rxc7 55. Kf2 f4 56. Rg8 Rc2+ 57. Ke1 e3 58. Kd1 Ra2 59. Rg7 f3 0-1

[Event "Prague Golden op"]
[Site "Prague"]
[Date "2022.07.13"]
[Round "5"]
[White "Korniichuk, Oleksandra"]
[Black "Mikhno, Artem"]
[Result "1-0"]
[WhiteElo "1789"]
[BlackElo "1455"]
[PlyCount "119"]
[EventDate "2022.07.09"]
[EventType "swiss"]
[EventRounds "9"]
[EventCountry "CZE"]
[SourceTitle "CBM 209 Extra"]
[Source "ChessBase"]
[SourceDate "2022.09.30"]
[SourceVersion "1"]
[SourceVersionDate "2022.09.30"]
[SourceQuality "1"]

1. e4 c6 2. d4 d5 3. e5 Bf5 4. Nd2 e6 5. Nb3 Nd7 6. Nf3 h6 7. Be2 c5 8. Nxc5 Bxc5 9. dxc5 Nxc5 10. Bb5+ Nd7 11. 0-0 Ne7 12. Re1 0-0 13. Bxd7 Qxd7 14. Nd4 Bg6 15. Bf4 Rfc8 16. c3 a6 17. a4 Rc4 18. Bd2 Nf5 19. Nxf5 Bxf5 20. Be3 Rac8 21. Bd4 Qe7 22. a5 Qg5 23. Qc1 Qg6 24. Qe3 Be4 25. Qg3 Qh5 26. f3 Bh7 27. b4 Qf5 28. Qf2 Qg5 29. Qe3 Qe7 30. Ra2 Qd7 31. Qe2 Qe7 32. Rb2 Qd7 33. Ra1 Qb5 34. Qd1 R4c7 35. Qa4 Bd3 36. Qxb5 Bxb5 37. Bc5 g5 38. Rd2 Kg7 39. Re1 Kg6 40. Kf2 h5 41. h4 Rh8 42. Rd4 Rcc8 43. g3 Rcg8 44. hxg5 Kxg5 45. Rf4 Kg6 46. Rh1 Rh7 47. Rhh4 Rgh8 48. Be7 Bd3 49. Bf6 Rc8 50. g4 Rc4 51. gxh5+ Rxh5 52. Rhg4+ Kh6 53. Bg7+ Kh7 54. Rxf7 Rxg4 55. fxg4 Rh3 56. Bf6+ Kg8 57. Rxb7 Be4 58. Rc7 Rh1 59. g5 Rc1 60. g6 1-0

[Event "Prague Autumn op 1st"]
[Site "Prague"]
[Date "2021.09.24"]
[Round "1"]
[White "Korniichuk, Oleksandra"]
[Black "Vetrovsky, Michal"]
[Result "1/2-1/2"]
[WhiteElo "1775"]
[BlackElo "2147"]
[PlyCount "96"]
[EventDate "2021.09.24"]
[EventType "swiss"]
[EventRounds "5"]
[EventCountry "CZE"]
[SourceTitle "CBM 204 Extra"]
[Source "ChessBase"]
[SourceDate "2021.11.30"]
[SourceVersion "1"]
[SourceVersionDate "2021.11.30"]
[SourceQuality "1"]

1. e4 c6 2. d4 d5 3. e5 Bf5 4. Nd2 e6 5. Nb3 Nd7 6. Nf3 Ne7 7. Nh4 Be4 8. Be2 Ng6 9. Nxg6 Bxg6 10. h4 h6 11. Bh5 Bxh5 12. Qxh5 c5 13. c3 cxd4 14. cxd4 Bb4+ 15. Kf1 Qb6 16. Rh3 a5 17. a4 0-0-0 18. Qe2 Kb8 19. Bd2 Rc8 20. Bxb4 Qxb4 21. Qb5 Qxb5+ 22. axb5 Rc2 23. Rxa5 Rxb2 24. Nc5 Nxc5 25. dxc5 b6 26. cxb6 Rc8 27. g4 Kb7 28. Ra7+ Kxb6 29. Rxf7 Rc1+ 30. Kg2 Re1 31. Rxg7 Rxe5 32. Rf3 Rxb5 33. Rf6 h5 34. Rgg6 hxg4 35. Rxe6+ Rxe6 36. Rxe6+ Kc5 37. Kg3 Rb8 38. Kxg4 d4 39. h5 Kd5 40. Re1 d3 41. h6 Rg8+ 42. Kh5 Rf8 43. Rf1 d2 44. h7 Rxf2 45. Rd1 Ke4 46. Kg6 Rg2+ 47. Kf7 Rh2 48. Rxd2 Rxh7+ 1/2-1/2

[Event "Liberec op 20th"]
[Site "Liberec"]
[Date "2020.02.22"]
[Round "1"]
[White "Korniichuk, Oleksandra"]
[Black "Pegasov, Pavel"]
[Result "1-0"]
[WhiteElo "1675"]
[BlackElo "1247"]
[PlyCount "55"]
[EventDate "2020.02.22"]
[EventType "swiss"]
[EventRounds "9"]
[EventCountry "CZE"]
[SourceTitle "CBM 195 Extra"]
[Source "ChessBase"]
[SourceDate "2020.05.31"]
[SourceVersion "1"]
[SourceVersionDate "2020.05.31"]
[SourceQuality "1"]

1. e4 c5 2. Nf3 e6 3. d4 cxd4 4. Nxd4 Bc5 5. Be3 Qb6 6. Nc3 Nc6 7. Na4 Qa5+ 8. c3 Bxd4 9. Bxd4 Nxd4 10. Qxd4 Nf6 11. Bd3 0-0 12. Bc2 Rd8 13. 0-0 d6 14. Rfd1 Qc7 15. e5 Nd5 16. exd6 Qa5 17. b4 Qa6 18. Bxh7+ Kxh7 19. Qh4+ Kg6 20. Qxd8 Qxa4 21. Rd3 Qd7 22. Rg3+ Kh7 23. Rh3+ Kg6 24. Qh4 Qxd6 25. Rg3+ Kf5 26. Qg5+ Ke4 27. Re1+ Ne3 28. Rgxe3# 1-0

[Event "Minsk Kupreichik Memorial op"]
[Site "Minsk"]
[Date "2018.06.23"]
[Round "11"]
[White "Korniichuk, Oleksandra"]
[Black "Polovkov, Valery"]
[Result "1/2-1/2"]
[WhiteElo "1705"]
[BlackElo "1812"]
[PlyCount "161"]
[EventDate "2018.06.21"]
[EventType "swiss (rapid)"]
[EventRounds "11"]
[EventCountry "BLR"]
[SourceTitle "CBM 185 Extra"]
[Source "ChessBase"]
[SourceDate "2018.07.29"]
[SourceVersion "1"]
[SourceVersionDate "2018.07.29"]
[SourceQuality "1"]

1. e4 c5 2. Nf3 d6 3. d4 cxd4 4. Nxd4 Nf6 5. Nc3 a6 6. Be3 e5 7. Nb3 Be6 8. Be2 Be7 9. 0-0 b5 10. f3 Nbd7 11. Qd2 Nb6 12. Rad1 Nc4 13. Qc1 Nxe3 14. Qxe3 Qc7 15. Kh1 0-0 16. Qd2 Rac8 17. Rc1 Bc4 18. Bxc4 bxc4 19. Na1 Rfd8 20. Nd5 Nxd5 21. Qxd5 Bg5 22. Rb1 Qb6 23. b4 Qd4 24. Rfd1 Qc3 25. a4 Be3 26. Qb7 Ra8 27. Qc7 Bd4 28. b5 axb5 29. axb5 Qa5 30. Qxa5 Rxa5 31. c3 Bc5 32. Nc2 Rb8 33. b6 Ra6 34. h3 Raxb6 35. Nb4 g6 36. Ra1 Bxb4 37. cxb4 Rc6 38. Ra4 c3 39. Rc1 Rc4 40. Ra3 Rbxb4 41. Raxc3 Rxc3 42. Rxc3 Rb1+ 43. Kh2 Rd1 44. Rc7 Kg7 45. Kg3 Kf6 46. Rd7 Ke6 47. Rd8 d5 48. exd5+ Rxd5 49. Re8+ Kf5 50. Re7 Kf6 51. Re8 Rd4 52. Kf2 Rd2+ 53. Kg3 h5 54. h4 Kf5 55. Ra8 f6 56. Rf8 Rd4 57. Rh8 e4 58. fxe4+ Rxe4 59. Ra8 Re5 60. Ra4 Re3+ 61. Kh2 Re4 62. Ra5+ Kg4 63. Ra6 Rf4 64. Ra2 Rb4 65. Ra6 Rf4 66. Ra2 g5 67. hxg5 Kxg5 68. Ra5+ f5 69. Ra8 Rg4 70. g3 Kf6 71. Rh8 Rg5 72. Kh3 Kg7 73. Rd8 Rg4 74. Rd6 Rg6 75. Rd7+ Kh6 76. Rf7 Kg5 77. Rd7 Re6 78. Rd4 Re3 79. Ra4 Re4 80. Ra8 Rb4 81. Rg8+ 1/2-1/2

[Event "Minsk Kupreichik Memorial op"]
[Site "Minsk"]
[Date "2018.06.22"]
[Round "5"]
[White "Korniichuk, Oleksandra"]
[Black "Halouchyts, Karalina"]
[Result "1-0"]
[WhiteElo "1705"]
[BlackElo "1602"]
[PlyCount "109"]
[EventDate "2018.06.21"]
[EventType "swiss (rapid)"]
[EventRounds "11"]
[EventCountry "BLR"]
[SourceTitle "CBM 185 Extra"]
[Source "ChessBase"]
[SourceDate "2018.07.29"]
[SourceVersion "1"]
[SourceVersionDate "2018.07.29"]
[SourceQuality "1"]

1. e4 c6 2. d4 d5 3. e5 Bf5 4. Nd2 h6 5. Nb3 e6 6. Be3 Nd7 7. Nf3 Ne7 8. Be2 Bh7 9. 0-0 Nf5 10. Bf4 g5 11. Bd2 Be7 12. a4 0-0 13. a5 Kh8 14. g4 Ng7 15. h3 f6 16. Kg2 fxe5 17. dxe5 Be4 18. Kg1 Bxf3 19. Bxf3 Nxe5 20. Bg2 Ng6 21. Qe2 Nf4 22. Bxf4 Rxf4 23. c3 Qd6 24. Nc1 Bd8 25. Nd3 Rf6 26. Rfe1 Bc7 27. Ne5 Raf8 28. f3 Qc5+ 29. Kh1 Bxe5 30. Qxe5 Qb5 31. Qe2 Qxe2 32. Rxe2 Ne8 33. Rae1 Nc7 34. b3 Kg7 35. Re3 Kf7 36. Kh2 Re8 37. Bf1 e5 38. Bd3 Rfe6 39. Kg3 Kf6 40. Bf5 R6e7 41. Bd3 c5 42. R3e2 Re6 43. c4 d4 44. Be4 Rb8 45. Ra2 Na6 46. h4 Nb4 47. hxg5+ hxg5 48. Rh2 Re7 49. Rh6+ Kf7 50. Reh1 Rf8 51. Bg6+ Kf6 52. Be4+ Kf7 53. Bg6+ Kf6 54. Be8+ Kg7 55. Rg6# 1-0

[Event "Minsk Kupreichik Memorial op"]
[Site "Minsk"]
[Date "2018.06.22"]
[Round "6"]
[White "Korniichuk, Oleksandra"]
[Black "Katashuk, V."]
[Result "0-1"]
[WhiteElo "1705"]
[BlackElo "2142"]
[PlyCount "92"]
[EventDate "2018.06.21"]
[EventType "swiss (rapid)"]
[EventRounds "11"]
[EventCountry "BLR"]
[SourceTitle "CBM 185 Extra"]
[Source "ChessBase"]
[SourceDate "2018.07.29"]
[SourceVersion "1"]
[SourceVersionDate "2018.07.29"]
[SourceQuality "1"]

1. e4 c5 2. Nf3 Nc6 3. d4 cxd4 4. Nxd4 Nf6 5. Nc3 e6 6. Be2 Bb4 7. 0-0 Bxc3 8. bxc3 Nxe4 9. Qd3 d5 10. Ba3 Nxd4 11. cxd4 Nd6 12. Qg3 Nf5 13. Qc3 f6 14. Rfe1 Kf7 15. Bg4 Nd6 16. Qc5 Ne4 17. Qb4 a5 18. Qb3 f5 19. Bf3 a4 20. Qb5 Nd6 21. Qc5 Nc4 22. Bc1 Qa5 23. Qxa5 Rxa5 24. Bf4 Bd7 25. Reb1 b5 26. Rb4 Kf6 27. c3 g5 28. Bc1 Rc8 29. Be2 Nd6 30. Bd2 Ne4 31. Be1 Nxc3 32. Bxc3 Rxc3 33. Bf1 a3 34. g3 Rc2 35. Rab1 Rxa2 36. Bxb5 Rxb5 37. Rxb5 Bxb5 38. Rxb5 Rb2 39. Ra5 a2 40. Kg2 g4 41. Ra6 h5 42. Ra4 Kg5 43. Ra3 f4 44. gxf4+ Kxf4 45. Ra4 h4 46. Ra3 h3+ 0-1

[Event "Minsk Kupreichik Memorial op"]
[Site "Minsk"]
[Date "2018.06.22"]
[Round "8"]
[White "Korniychuk, Fedir"]
[Black "Korniichuk, Oleksandra"]
[Result "0-1"]
[WhiteElo "1339"]
[BlackElo "1705"]
[PlyCount "168"]
[EventDate "2018.06.21"]
[EventType "swiss (rapid)"]
[EventRounds "11"]
[EventCountry "BLR"]
[SourceTitle "CBM 185 Extra"]
[Source "ChessBase"]
[SourceDate "2018.07.29"]
[SourceVersion "1"]
[SourceVersionDate "2018.07.29"]
[SourceQuality "1"]

1. d4 Nf6 2. c4 e6 3. e3 b6 4. Nc3 Bb4 5. Bd3 0-0 6. Nf3 Bb7 7. 0-0 d5 8. a3 Bxc3 9. bxc3 dxc4 10. Bxc4 Nbd7 11. Qc2 c5 12. Be2 Rc8 13. Qb1 Ne4 14. Bb2 cxd4 15. cxd4 Nc3 16. Bxc3 Rxc3 17. Rc1 Qc7 18. Bb5 Nf6 19. Rxc3 Qxc3 20. Qc1 Rc8 21. Qxc3 Rxc3 22. a4 Bxf3 23. gxf3 g6 24. Kg2 Nd5 25. a5 bxa5 26. Rxa5 Rc7 27. Bd3 Kg7 28. Be4 Nf6 29. Ra6 h5 30. h4 Nd7 31. Bd3 Nb6 32. Be4 Nc8 33. Kg3 Nb6 34. Kg2 Nd7 35. Kg3 Nb8 36. Ra5 a6 37. Bd3 Rc6 38. Bf1 Kf6 39. Bd3 Ke7 40. f4 Rb6 41. Kf3 Kd6 42. Bc4 Kc7 43. d5 exd5 44. Bxd5 Nc6 45. Ra3 Nd8 46. Ra5 Rb5 47. Rxb5 axb5 48. Ke2 Kd6 49. Bb3 Kc5 50. Kd3 Kb4 51. Kc2 Ka3 52. Bd5 b4 53. f3 Ne6 54. Bb3 Nd8 55. Bd5 Ka4 56. Bb3+ Kb5 57. Bd5 Kc5 58. Bb3 Kd6 59. Kd3 Kc5 60. Ba2 Ne6 61. Bb3 Kb5 62. Kc2 Nd8 63. Kd3 Kc5 64. Ba2 Ne6 65. Bb3 Kd6 66. Kc4 Ke7 67. Kxb4 Ng7 68. Bc2 Kf6 69. Kc4 Ne6 70. Kd5 Nc7+ 71. Kc4 Ke6 72. Bb3 Kf6 73. Kc5 Ne8 74. Kc6 Ng7 75. e4 Ke7 76. Bd5 Ne8 77. Ba2 Nd6 78. Kd5 Nb5 79. Kc4 Na3+ 80. Kb3 Nb5 81. Bb1 Nd4+ 82. Kc4 Nxf3 83. f5 gxf5 84. exf5 Nd2+ 0-1

[Event "UKR-ch U16 Girls"]
[Site "Vinnytsia"]
[Date "2018.03.11"]
[Round "6"]
[White "Dubovyk, Anastasiia"]
[Black "Korniichuk, Oleksandra"]
[Result "1/2-1/2"]
[WhiteElo "1797"]
[BlackElo "1654"]
[PlyCount "115"]
[EventDate "2018.03.07"]
[EventType "tourn"]
[EventRounds "11"]
[EventCountry "UKR"]
[SourceTitle "CBM 183 Extra"]
[Source "ChessBase"]
[SourceDate "2018.04.19"]
[SourceVersion "1"]
[SourceVersionDate "2018.04.19"]
[SourceQuality "1"]

1. e4 c5 2. Nf3 e6 3. c3 Nf6 4. Bd3 d5 5. e5 Nfd7 6. Bc2 d4 7. Qe2 Nc6 8. 0-0 g5 9. Ba4 Bg7 10. Bxc6 bxc6 11. cxd4 cxd4 12. Qe4 0-0 13. d3 h6 14. Na3 Ba6 15. Nc4 Nc5 16. Qe2 Bxc4 17. dxc4 f5 18. b3 Ne4 19. Bb2 c5 20. Kh1 Qe7 21. Rad1 g4 22. Nd2 Ng5 23. f4 Nf7 24. g3 Nd8 25. Nb1 Nc6 26. Ba3 Rab8 27. Kg2 Rfd8 28. Rd3 Nb4 29. Bxb4 Rxb4 30. Kf2 Rdb8 31. Na3 a6 32. Nc2 R4b6 33. h3 h5 34. hxg4 hxg4 35. Rh1 Kf7 36. Rdd1 Rd8 37. Ne1 Rbb8 38. Nd3 Qc7 39. Rh5 Rh8 40. Rdh1 Qc6 41. Rxh8 Rxh8 42. Rxh8 Bxh8 43. Kg1 Bg7 44. Qg2 Qxg2+ 45. Kxg2 Bf8 46. Kf2 Ke8 47. Ke2 Kd7 48. Ne1 Kc6 49. Kd3 Be7 50. a3 Bf8 51. Nc2 a5 52. b4 axb4 53. axb4 cxb4 54. Nxd4+ Kd7 55. Nb3 Kc6 56. Nd4+ Kd7 57. Nb3 Kc6 58. Nd4+ 1/2-1/2

[Event "UKR-ch U16 Girls"]
[Site "Vinnytsia"]
[Date "2018.03.10"]
[Round "5"]
[White "Korniichuk, Oleksandra"]
[Black "Shpanko, Nadiia"]
[Result "1/2-1/2"]
[WhiteElo "1654"]
[BlackElo "2041"]
[PlyCount "84"]
[EventDate "2018.03.07"]
[EventType "tourn"]
[EventRounds "11"]
[EventCountry "UKR"]
[SourceTitle "CBM 183 Extra"]
[Source "ChessBase"]
[SourceDate "2018.04.19"]
[SourceVersion "1"]
[SourceVersionDate "2018.04.19"]
[SourceQuality "1"]

1. Nf3 d5 2. d4 Nf6 3. g3 e6 4. Bg2 Be7 5. 0-0 0-0 6. c4 dxc4 7. Qc2 a6 8. a4 Bd7 9. Qxc4 Bc6 10. Bf4 Bd6 11. Bxd6 cxd6 12. Nc3 Bxf3 13. Bxf3 d5 14. Qb3 Nc6 15. e3 Ne8 16. Qa3 Nd6 17. b3 Rc8 18. Rfc1 Nf5 19. Ne2 a5 20. Nf4 Qg5 21. Bg2 Nb4 22. Rxc8 Rxc8 23. Rc1 Qd8 24. Bf1 Nd6 25. Nd3 Ne4 26. Qb2 Rc7 27. f3 Nd6 28. Nxb4 axb4 29. Bd3 h5 30. Rxc7 Qxc7 31. Qc2 Qxc2 32. Bxc2 h4 33. Kg2 hxg3 34. hxg3 b5 35. a5 Nc8 36. e4 Kf8 37. Kf2 Ke7 38. e5 Kd7 39. Ke3 Na7 40. g4 Nc6 41. Bd3 Na7 42. f4 Kc7 1/2-1/2

[Event "UKR-ch U16 Girls"]
[Site "Vinnytsia"]
[Date "2018.03.09"]
[Round "4"]
[White "Hryshchenko, Kamila"]
[Black "Korniichuk, Oleksandra"]
[Result "1/2-1/2"]
[WhiteElo "1829"]
[BlackElo "1654"]
[PlyCount "56"]
[EventDate "2018.03.07"]
[EventType "tourn"]
[EventRounds "11"]
[EventCountry "UKR"]
[SourceTitle "CBM 183 Extra"]
[Source "ChessBase"]
[SourceDate "2018.04.19"]
[SourceVersion "1"]
[SourceVersionDate "2018.04.19"]
[SourceQuality "1"]

1. e4 c5 2. Nf3 Nc6 3. Bb5 g6 4. Bxc6 bxc6 5. 0-0 Bg7 6. Re1 Nh6 7. d3 0-0 8. c3 d6 9. h3 f6 10. d4 cxd4 11. cxd4 Nf7 12. Qc2 Qc7 13. Nc3 f5 14. e5 dxe5 15. Nxe5 Nxe5 16. dxe5 Be6 17. Bf4 Rab8 18. h4 Rb4 19. g3 Qb7 20. Rab1 Rd8 21. b3 Rbd4 22. Rbd1 Rxd1 23. Rxd1 Rxd1+ 24. Nxd1 Kf7 25. h5 Qb5 26. hxg6+ hxg6 27. Qb2 Qd3 28. Ne3 Qe4 1/2-1/2